[Event "Granada Region-ch"]
[Site "Granada"]
[Date "2013.??.??"]
[Round "6.4"]
[White "Orantes Taboada, Francisco"]
[Black "Villa Murcia, Maria Del Carmen"]
[Result "1-0"]
[WhiteElo "1766"]
[BlackElo "1230"]
[PlyCount "57"]
[EventDate "2013.01.20"]
[EventType "swiss"]
[EventRounds "6"]
[EventCountry "ESP"]
[SourceTitle "EXT 2024"]
[Source "ChessBase"]
[SourceDate "2023.10.10"]
[SourceVersion "1"]
[SourceVersionDate "2023.10.10"]
[SourceQuality "1"]

1. e4 e5 2. Nf3 Nc6 3. d4 f6 4. Bb5 a6 5. Bxc6 dxc6 6. dxe5 Qxd1+ 7. Kxd1 fxe5 8. Nxe5 Be6 9. Be3 0-0-0+ 10. Ke2 Nf6 11. Nd2 Bd6 12. Nd3 Rhf8 13. e5 Ng4 14. exd6 cxd6 15. h3 Nxe3 16. fxe3 g5 17. Rhf1 Rg8 18. Rf6 Bd5 19. g4 Bg2 20. Nf2 Rde8 21. c4 d5 22. Rg1 Be4 23. Ndxe4 dxe4 24. Rf1 Kd7 25. Rf7+ Re7 26. Nxe4 Rxf7 27. Rxf7+ Ke6 28. Rxb7 Ke5 29. Re7# 1-0